|
|
|
|
| LEADER |
00000naa2a2200000 4500 |
| 001 |
681105 |
| 005 |
20250903150025.0 |
| 090 |
|
|
|a 681105
|
| 100 |
|
|
|a 20250801d2025 k||y0rusy50 ca
|
| 101 |
0 |
|
|a rus
|
| 102 |
|
|
|a RU
|
| 135 |
|
|
|a drbn ---uucaa
|
| 200 |
1 |
|
|a Универсальная гидравлическая установка
|f Уфимцев А. В., Павленко П. В., Макаров Д. С., Филипас А. А.
|
| 320 |
|
|
|a Список использованных источников: 5 назв
|
| 330 |
|
|
|a В работе рассмотрена автоматизированная универсальная гидравлическая установка, способная выполнять широкий спектр гидравлических операций с высокой точностью и эффективностью. Рассмотрены основные конструктивные особенности установки, включая три независимых каскада регулирования давления и утечки на участке трубопровода, математическую модель управления и компоненты гидросистемы. Подробно описан процесс построения математической модели, смоделирована работа помповых насосов по перекачке рабочей жидкости через систему трубопроводов разработанной установки. Обоснована возможность применения универсальной гидравлической установки для решения различных задач в нефтегазовой области, основываясь на принципах физического подобия
|
| 336 |
|
|
|a Текстовый файл
|
| 463 |
|
1 |
|0 681090
|9 681090
|t Молодежь и современные информационные технологии
|o сборник трудов XXII Международной научно-практической конференции студентов, аспирантов и молодых ученых, 15–17 апреля 2025 г., Томск
|f под ред. А. С. Беляева
|c Томск
|d 2025
|n Изд-во ТПУ
|u conference_tpu-2025-C04.pdf
|v С. 104-108
|
| 545 |
1 |
|
|a Автоматизация технологических процессов и производств
|
| 610 |
1 |
|
|a электронный ресурс
|
| 610 |
1 |
|
|a труды учёных ТПУ
|
| 610 |
1 |
|
|a математическая модель
|
| 610 |
1 |
|
|a переходная характеристика
|
| 610 |
1 |
|
|a физическое подобие
|
| 610 |
1 |
|
|a гидравлическая установка
|
| 701 |
|
1 |
|a Уфимцев
|b А. В.
|
| 701 |
|
1 |
|a Павленко
|b П. В.
|
| 701 |
|
1 |
|a Макаров
|b Д. С.
|
| 701 |
|
1 |
|a Филипас
|b А. А.
|c специалист в области электротехники
|c доцент Томского политехнического университета, кандидат технических наук
|f 1963-
|g Александр Александрович
|9 21969
|
| 801 |
|
0 |
|a RU
|b 63413507
|c 20250801
|
| 850 |
|
|
|a 63413507
|
| 856 |
4 |
|
|u http://earchive.tpu.ru/handle/11683/132198
|z http://earchive.tpu.ru/handle/11683/132198
|
| 942 |
|
|
|c CF
|